Statistics for Historical Occupations True or False

Click here to take the quiz!

General Stats

  • This quiz has been taken 732 times
  • The average score is 10 of 15

Answer Stats

QuestionAnswer% Correct
The Dutch had land in South AmericaTrue
94%
Japan occupied SingaporeTrue
91%
China occupied LhasaTrue
88%
Italy occupied Addis Ababa in WWIITrue
85%
Italy alone took Athens during WWIIFalse
82%
The Spanish currently have land in AfricaTrue
82%
The British currently have land in AfricaFalse
68%
Russia conquered part of Japan during the Russo-Japanese warFalse
67%
The Germans occupied Liechtenstein in WWIIFalse
67%
Hannibal briefly occupied RomeFalse
64%
Napoleon occupied MoscowTrue
64%
Japanese forces set foot in IndiaTrue
48%
The United States has occupied Mexico CityTrue
39%
Japan held Port Moresby for a few daysFalse
30%
Japanese forces stepped foot on AustraliaTrue
30%

Score Distribution

Percentile by Number Answered

Percent of People with Each Score

Your Score History

You have not taken this quiz